Statistics for Countries with Norwegian Embassies

Click here to take the quiz!

General Stats

  • This quiz has been taken 31 times
  • The average score is 71 of 85

Answer Stats

ContinentCountry% Correct
AsiaChina
100%
South AmericaArgentina
97%
OceaniaAustralia
97%
EuropeBelgium
97%
South AmericaBrazil
97%
North AmericaCanada
97%
South AmericaChile
97%
EuropeCroatia
97%
AfricaEgypt
97%
EuropeEstonia
97%
EuropeFinland
97%
EuropeGreece
97%
Asia/ EuropeRussia
97%
AfricaAlgeria
93%
EuropeAustria
93%
EuropeDenmark
93%
EuropeFrance
93%
EuropeGermany
93%
EuropeItaly
93%
AsiaJapan
93%
EuropeLatvia
93%
EuropeLithuania
93%
North AmericaMexico
93%
EuropeUnited Kingdom
93%
AsiaAfghanistan
90%
North AmericaCuba
90%
EuropeHungary
90%
EuropeIceland
90%
AsiaIndia
90%
EuropeIreland
90%
AfricaMorocco
90%
EuropePortugal
90%
AfricaSouth Africa
90%
EuropeSpain
90%
EuropeSweden
90%
Europethe Netherlands
90%
Asia/ EuropeTurkey
90%
North AmericaUnited States of America
90%
AfricaAngola
86%
South AmericaColombia
86%
EuropeCzech Republic
86%
AsiaIndonesia
86%
AsiaIran
86%
AsiaIsrael
86%
EuropePoland
86%
EuropeSlovakia
86%
AsiaSouth Korea
86%
EuropeSwitzerland
86%
EuropeUkraine
86%
AsiaKazakhstan
83%
AsiaMalaysia
83%
AsiaPakistan
83%
EuropeRomania
83%
AsiaSaudi Arabia
83%
AsiaThailand
83%
AsiaVietnam
83%
AsiaBangladesh
79%
AfricaEritrea
79%
AfricaEthiopia
79%
AsiaJordan
79%
AfricaKenya
79%
AfricaMali
79%
AfricaNigeria
79%
EuropeSerbia
79%
AsiaUnited Arab Emirates
79%
AsiaAzerbaijan
76%
EuropeBosnia and Herzegovina
76%
AfricaGhana
76%
Asiathe Philippines
76%
AsiaNepal
72%
AsiaSingapore
72%
AfricaSudan
72%
AfricaUganda
72%
AsiaLebanon
69%
AfricaTanzania
69%
AfricaZambia
69%
AfricaZimbabwe
69%
EuropeKosovo
66%
AsiaMyanmar
66%
AfricaSouth Sudan
66%
AsiaSri Lanka
66%
AfricaMadagascar
62%
AfricaMozambique
62%
AfricaMalawi
59%
AsiaPalestine
31%

Score Distribution

Percentile by Number Answered

Percent of People with Each Score

Your Score History

You have not taken this quiz